000
00222 a2200097 4500
001
10522
100
_a
Lamb, S H
245
_a
Elementry course of infinitesimal calculas.
260
_a
_b
Cambridge
_c
090
_c
8137
_d
8137
942
_a
NUST-CAE
_c
M
_c
34864
999
_c
245595
_d
245595